000 01397nam a2200313 i 4500
001 42084
003 Mx-PuUPA
005 20260311101603.0
008 140415s2018 mx a gr 001 0 spa d
017 _a9786073711142
040 _aMx-PuUPA
_bspa
_cMx-PuUPA
_dMx-PuUPA
_erda
041 0 _aspa
245 1 0 _aLibro técnico :
_bestado del arte sobre investigación e innovación tecnológica en ganadería bovina tropical /
_cEverardo González Padilla, José Luis Dávalos Flores, coordinadores, Abraham Villegas de Gante [y otros 89], autores
250 _aSegunda edición
264 1 _a[Ciudad de México?] :
_bRed de Investigación e Innovación Tecnológica para la Ganadería Bovina Tropical,
_c2018
300 _a353 páginas :
_bilustraciones, mapas, tablas (principalmente a color) ;
_c28 cm
336 _2rdacontent
_atexto
_btxt
337 _2rdamedia
_asin medio
_bn
338 _2rdacarrier
_avolumen
_bnc
650 7 _2armarc
_aGanado vacuno
_xInvestigación
650 7 _2armarc
_aGanado vacuno
_xInnovaciones tecnológicas
700 1 _aGonzález Padilla, Everardo,
_917498
_ecoordinador
700 1 _aDávalos Flores, José Luis,
_ecoordinador
700 1 _aVillegas de Gante, Abraham,
_eautor
942 _2ddc
_cLI
_h636.20072
_iL64
999 _c42084
_d42084